000 00856ntm a22002537a 4500
999 _c1060
_d1060
008 191121s2019 ii abd|grm|||a00| 0 eng d
040 _aKO
_beng
041 0 _aeng
044 _aii
082 0 4 _223
_a378.242
_bPRM1729
100 1 _aGhosh, Subham
_eResearcher
245 1 2 _aA Project Report on Development of Minor Ports on the East Coast of India /
_cSubham Ghosh ; Guide Dr. Yogamala H. L.
260 _aKochi :
_bIndian Maritime University,
_c2019
300 _a36 p. :
_bill., charts, maps ;
_c29 cm.
490 0 _aMBA Project 2017-19 ;
_v1705305029
502 _aProject (MBA)–Indian Maritime University. School of Maritime Management, 2019.
650 0 _aHarbors
_zIndia
655 7 _2lcsh
_aDissertations, Academic
_y2019
700 1 _aH. L., Yogamala,
_cDr.
_eGuide
904 _aRUDRA_R
905 _aR_RANJAN
942 _cTH